| 000 | 00000nam 2200000zi 4500 |
| 001 | 9.954180 |
| 003 | CaOODSP |
| 005 | 20250903103159 |
| 006 | m o d f |
| 007 | cr mn||||||||| |
| 008 | 250818t20252025qucab ob f000 0 eng d |
| 020 | |a9780660785141 |
| 040 | |aCaOODSP|beng|erda|cCaOODSP |
| 043 | |an-cnm--|an-cn-nf|an-cn-qu |
| 045 | |ay0y2 |
| 086 | 1 |aCW66-1590/2025E-PDF |
| 100 | 1 |aLacroix, Édith, |eauthor. |
| 245 | 10|aAtlantic benthic metrics normal ranges (2002-2021) : |bmetric reference values for use in Canadian Aquatic Biomonitoring Network (CABIN) assessments. |
| 264 | 1|aGatineau Quebec : |bEnvironment and Climate Change Canada = Environnement et changement climatique Canada, |c[2025] |
| 264 | 4|c©2025 |
| 300 | |a1 online resource (15 pages) : |billustrations (chiefly colour), colour map |
| 336 | |atext|btxt|2rdacontent |
| 337 | |acomputer|bc|2rdamedia |
| 338 | |aonline resource|bcr|2rdacarrier |
| 500 | |aIssued also in French under title: Plages normales des variables et indices benthiques en Atlantique (2002-2021) : valeurs de référence des variables et indices à utiliser dans les évaluations selon le Réseau canadien de biosurveillance aquatique (RCBA). |
| 500 | |a"EC25123"--Verso of cover. |
| 500 | |a"Authors and contributors: Édith Lacroix, … Noelle Racine, … Liang Zhu, … Emma Garden, …"--Page 1. |
| 504 | |aIncludes bibliographical references (page 15). |
| 520 | |a"Within the Atlantic Region, there is a need for more tools to help with the interpretation of benthic data collected by the Canadian Aquatic Biomonitoring Network (CABIN). This is why we, the ECCC CABIN team in Atlantic, calculated the Atlantic benthic normal ranges reference values. These normal ranges can be used 1) in combination with a Reference Condition Approach model to better explain the divergence observed in the benthic community, or 2) on their own to investigate the condition of the benthic macroinvertebrate community at a site and see how it compares to metrics from the broader Atlantic region. The normal ranges were calculated using benthic data from all 26 CABIN studies within the Atlantic Provinces that have reference and potential reference sites, for the period 2002 to 2021. This document is shared with all the CABIN users in the Atlantic region"--Executive summary, page 2. |
| 610 | 20|aCanadian Aquatic Biomonitoring Network. |
| 650 | 0|aFreshwater invertebrate populations|zAtlantic Provinces|xMeasurement. |
| 650 | 0|aFreshwater invertebrate populations|zQuébec (Province)|xMeasurement. |
| 650 | 0|aBenthic animals|xMonitoring|zAtlantic Provinces. |
| 650 | 0|aBenthic animals|xMonitoring|zQuébec (Province) |
| 650 | 0|aFreshwater invertebrates|xMonitoring|zAtlantic Provinces. |
| 650 | 0|aFreshwater invertebrates|xMonitoring|zQuébec (Province) |
| 710 | 1 |aCanada. |bEnvironment and Climate Change Canada, |eissuing body. |
| 775 | 08|tPlages normales des variables et indices benthiques en Atlantique (2002-2021) : |w(CaOODSP)9.954182 |
| 856 | 40|qPDF|s1.01 MB|uhttps://publications.gc.ca/collections/collection_2025/eccc/cw66/CW66-1590-2025-eng.pdf |
| 986 | |aEC25123 |